<?xml version="1.0" encoding="UTF-8"?>
<record
    xmlns:xsi="http://www.w3.org/2001/XMLSchema-instance"
    xsi:schemaLocation="http://www.loc.gov/MARC21/slim http://www.loc.gov/standards/marcxml/schema/MARC21slim.xsd"
    xmlns="http://www.loc.gov/MARC21/slim">

  <leader>01441nam0a2200325   4500</leader>
  <controlfield tag="001">RU\NLR\BIBL_A\011600942</controlfield>
  <controlfield tag="005">20240921184849.0</controlfield>
  <datafield tag="010" ind1=" " ind2=" ">
    <subfield code="a">9785298035361</subfield>
    <subfield code="9">2000</subfield>
  </datafield>
  <datafield tag="021" ind1=" " ind2=" ">
    <subfield code="a">RU</subfield>
    <subfield code="b">2017-98093</subfield>
    <subfield code="9">7060</subfield>
  </datafield>
  <datafield tag="035" ind1=" " ind2=" ">
    <subfield code="a">(RuMoRGB)009493908</subfield>
  </datafield>
  <datafield tag="035" ind1=" " ind2=" ">
    <subfield code="a">(NLR Aleph) 011600942</subfield>
  </datafield>
  <datafield tag="090" ind1=" " ind2=" ">
    <subfield code="a">10888650</subfield>
    <subfield code="c">10888650</subfield>
  </datafield>
  <datafield tag="100" ind1=" " ind2=" ">
    <subfield code="a">20180124d2017    u  y0rusy50      ca</subfield>
  </datafield>
  <datafield tag="101" ind1="1" ind2=" ">
    <subfield code="a">rus</subfield>
    <subfield code="c">tat</subfield>
  </datafield>
  <datafield tag="102" ind1=" " ind2=" ">
    <subfield code="a">RU</subfield>
  </datafield>
  <datafield tag="105" ind1=" " ind2=" ">
    <subfield code="a">y|||z|||000ay</subfield>
  </datafield>
  <datafield tag="200" ind1="1" ind2=" ">
    <subfield code="a">&#x420;&#x430;&#x441;&#x441;&#x43A;&#x430;&#x437;&#x44B;</subfield>
    <subfield code="f">&#x424;&#x438;&#x440;&#x443;&#x437;&#x430; &#x417;&#x430;&#x43C;&#x430;&#x43B;&#x435;&#x442;&#x434;&#x438;&#x43D;&#x43E;&#x432;&#x430;</subfield>
    <subfield code="g">[&#x43F;&#x435;&#x440;&#x435;&#x432;&#x43E;&#x434; &#x441; &#x442;&#x430;&#x442;&#x430;&#x440;&#x441;&#x43A;&#x43E;&#x433;&#x43E; &#x413;. &#x41A;. &#x410;&#x445;&#x43C;&#x430;&#x434;&#x443;&#x43B;&#x43B;&#x438;&#x43D;&#x43E;&#x439;-&#x410;&#x440;&#x445;&#x438;&#x43F;&#x43E;&#x432;&#x43E;&#x439;, &#x410;. &#x411;. &#x425;&#x430;&#x43B;&#x438;&#x434;&#x43E;&#x432;&#x430;]</subfield>
  </datafield>
  <datafield tag="210" ind1=" " ind2=" ">
    <subfield code="a">&#x41A;&#x430;&#x437;&#x430;&#x43D;&#x44C;</subfield>
    <subfield code="c">&#x422;&#x430;&#x442;&#x430;&#x440;&#x441;&#x43A;&#x43E;&#x435; &#x43A;&#x43D;&#x438;&#x436;&#x43D;&#x43E;&#x435; &#x438;&#x437;&#x434;-&#x432;&#x43E;</subfield>
    <subfield code="d">2017</subfield>
  </datafield>
  <datafield tag="215" ind1=" " ind2=" ">
    <subfield code="a">317, [2] &#x441;.</subfield>
    <subfield code="d">21</subfield>
  </datafield>
  <datafield tag="300" ind1=" " ind2=" ">
    <subfield code="a">&#x412; &#x432;&#x44B;&#x43F;. &#x434;&#x430;&#x43D;. &#x430;&#x432;&#x442;.: &#x417;&#x430;&#x43C;&#x430;&#x43B;&#x435;&#x442;&#x434;&#x438;&#x43D;&#x43E;&#x432;&#x430; &#x424;&#x438;&#x440;&#x443;&#x437;&#x430; (&#x424;&#x430;&#x442;&#x445;&#x443;&#x442;&#x434;&#x438;&#x43D;&#x43E;&#x432;&#x430; &#x424;&#x438;&#x440;&#x443;&#x437;&#x44F; &#x418;&#x441;&#x43B;&#x430;&#x43C;&#x43E;&#x432;&#x43D;&#x430;)</subfield>
  </datafield>
  <datafield tag="327" ind1="0" ind2=" ">
    <subfield code="a">&#x421;&#x43E;&#x434;&#x435;&#x440;&#x436;.: &#x412; &#x43C;&#x435;&#x442;&#x435;&#x43B;&#x44C;; &#x41F;&#x438;&#x441;&#x44C;&#x43C;&#x43E;; &#x42F;&#x431;&#x43B;&#x43E;&#x43A;&#x43E;; &#x41C;&#x43E;&#x43B;&#x43E;&#x434;&#x443;&#x445;&#x438;; &#x420;&#x430;&#x43D;&#x435;&#x43D;&#x44B;&#x439; &#x433;&#x43E;&#x43B;&#x443;&#x431;&#x44C;; &#x418;&#x441;&#x43A;&#x430;&#x43D;&#x434;&#x435;&#x440;; &#x411;&#x44B;&#x43A;; &#x423;&#x435;&#x445;&#x430;&#x442;&#x44C; &#x432; &#x43B;&#x44E;&#x431;&#x432;&#x438;&#x2026;; &#x41D;&#x43E;&#x448;&#x430;; &#x41E;&#x431;&#x435;&#x442; [&#x438; &#x434;&#x440;.]</subfield>
  </datafield>
  <datafield tag="333" ind1=" " ind2=" ">
    <subfield code="a">12+</subfield>
  </datafield>
  <datafield tag="686" ind1=" " ind2=" ">
    <subfield code="a">&#x428;5(2=&#x422;&#x430;&#x442;)64-644</subfield>
    <subfield code="2">rubbk</subfield>
  </datafield>
  <datafield tag="686" ind1="2" ind2=" ">
    <subfield code="a">&#x428;6(2=&#x422;&#x430;&#x442;)7-4</subfield>
  </datafield>
  <datafield tag="700" ind1=" " ind2="1">
    <subfield code="7">ca</subfield>
    <subfield code="8">rus</subfield>
    <subfield code="a">&#x417;&#x430;&#x43C;&#x430;&#x43B;&#x435;&#x442;&#x434;&#x438;&#x43D;&#x43E;&#x432;&#x430;</subfield>
    <subfield code="b">&#x424;. &#x418;.</subfield>
    <subfield code="f">1960-</subfield>
    <subfield code="g">&#x424;&#x438;&#x440;&#x443;&#x437;&#x430; &#x418;&#x441;&#x43B;&#x430;&#x43C;&#x43E;&#x432;&#x43D;&#x430;</subfield>
    <subfield code="9">185060</subfield>
    <subfield code="3">RU\NLR\AUTH\770185111</subfield>
  </datafield>
  <datafield tag="942" ind1=" " ind2=" ">
    <subfield code="c">BOOK</subfield>
  </datafield>
  <datafield tag="980" ind1=" " ind2=" ">
    <subfield code="a">NBR</subfield>
  </datafield>
</record>
